00393nam a22001457a 450000500170000000800410001702200130005804100120007108200120008310000120009524500340010726000490014130000310019065000260022120240903092744.0240903b |||||||| |||| 00| 0 eng d a10246991 aEnglish a349 NAM lEnglish aThe Namibian Law Reports 1994 aWindhoek: bLegal Assistance Centre, c1994  bxxxi, 397 pages; c26 cm.  aLegal practice bLaw